Aspect : an introduction to the study of verbal aspect and related problems
Αποθηκεύτηκε σε:
| Κύριος συγγραφέας: | |
|---|---|
| Μορφή: | Βιβλίο |
| Γλώσσα: | English |
| Δημοσίευση: |
Cambridge :
Cambridge University Press,
1998
|
| Έκδοση: | repr. |
| Σειρά: | Cambridge textbooks in linguistics
|
| Θέματα: | |
| Ετικέτες: |
Προσθήκη ετικέτας
Δεν υπάρχουν, Καταχωρήστε ετικέτα πρώτοι!
|
MARC
| LEADER | 00000nam a2200000 i 4500 | ||
|---|---|---|---|
| 001 | 1/26022 | ||
| 008 | 020809s1998 eng d | ||
| 020 | |a 0-521-29045-7 | ||
| 035 | |l 10068173 | ||
| 040 | |a GR-MY-UA |b gre |e aacr | ||
| 041 | 0 | |a eng | |
| 082 | 0 | |a 415 | |
| 100 | 0 | |a Comrie, Bernard |d 1947- | |
| 245 | 1 | 0 | |a Aspect : |b an introduction to the study of verbal aspect and related problems / |c Bernard Comrie |
| 250 | |a repr. | ||
| 260 | |a Cambridge : |b Cambridge University Press, |c 1998 | ||
| 300 | |a 142 p. | ||
| 490 | 1 | |a Cambridge textbooks in linguistics | |
| 650 | 0 | 0 | |a Grammar, Comparative and general |x Aspect. |
| 830 | 0 | |a Cambridge textbooks in linguistics | |
| 852 | |a INST |b RHODES |e 20020809 |h 415 COM |p 005400016267 |q 005400016267 |t BK |y 0 | ||
| 901 | |a BIBL4-2002-2 | ||
| 909 | |a Ρ |b 102337 | ||
| 922 | |a 4ΕΛΗ |b 200206 |c ΚΠΣ/124 | ||
| 970 | |a ΚΟΥΛΑΚΙΟΤΗ |b ΛΙΤΣΑ |z 2002/08/22 | ||